000 01745cam a2200217 4500500
005 20251228060535.0
041 _afre
042 _adc
100 1 0 _aViltard, Yves
_eauthor
245 0 0 _aDiplomatie des villes : collectivités territoriales et relations internationales
260 _c2010.
500 _a18
520 _aL’action internationale des États est affectée par les nouvelles « diplomaties » des collectivités territoriales et gouvernements non centraux. Ces derniers tentent de se définir collectivement une identité spécifique sur la scène internationale. C’est particulièrement le cas des grandes métropoles, dont l’internationalisation constitue un élément fondamental. Il existe désormais bien des formes de diplomaties « locales », à la fois isomorphes et complémentaires de l’action des États. politique étrangère
520 _aYves Viltard, Local Authorities and International Relations International actions by States are being affected by the new diplomacies of local authorities and non-central governments. The latter are seeking to define collectively a specific identity on the international stage. This is especially the case of large metropolises, whose internationalization is a fundamental phenomenon. Various types of “local” diplomacies exist today, which are both isomorphic and complementary to State actions.
690 _aCollectivités territoriales
690 _aDiplomatie des villes
690 _aGouvernements non centraux
690 _aMondialisation
786 0 _nPolitique étrangère | Autome | 3 | 2010-09-24 | p. 593-604 | 0032-342X
856 4 1 _uhttps://shs.cairn.info/revue-politique-etrangere-2010-3-page-593?lang=fr&redirect-ssocas=7080
999 _c1587206
_d1587206